000 00291nam a22001337a 4500
008 181018b xxu||||| |||| 00| 0 eng d
020 _a9780801872402
041 _aeng
080 _a370
100 _a48
101 _aEDU
245 _aTransnational Peasant
_cKyle.D
942 _2udc
_cBK
999 _c50156
_d50156